The use and nutritional value of artemia as a food source
Gorde:
| Formatua: | Liburua |
|---|---|
| Hizkuntza: | Undetermined |
| Argitaratua: |
Margaret Barnes, Ed.
Aberdeen University Press.
1986
|
| Gaiak: | |
| Etiketak: |
Etiketa erantsi
Etiketarik gabe, Izan zaitez lehena erregistro honi etiketa jartzen!
|
| Thư viện lưu trữ: | Trung tâm Học liệu Trường Đại học Cần Thơ |
|---|
| LEADER | 00533nam a2200169Ia 4500 | ||
|---|---|---|---|
| 001 | CTU_150522 | ||
| 008 | 210402s9999 xx 000 0 und d | ||
| 082 | |a 636.085 | ||
| 082 | |b U84 | ||
| 245 | 4 | |a The use and nutritional value of artemia as a food source | |
| 245 | 0 | |c P. Leger ...[et al.] | |
| 260 | |a Margaret Barnes, Ed. | ||
| 260 | |b Aberdeen University Press. | ||
| 260 | |c 1986 | ||
| 650 | |a Feeding and feeds,Thức ăn chăn nuôi | ||
| 904 | |i Trọng Hải | ||
| 980 | |a Trung tâm Học liệu Trường Đại học Cần Thơ | ||